| 000 | 00701nam a22002057a 4500 | ||
|---|---|---|---|
| 005 | 20140310183629.0 | ||
| 008 | 131115b xxu||||| |||| 00| 0 eng d | ||
| 020 | _a9781441194268 | ||
| 050 |
_aLB 1576 _b.M3789 2011 |
||
| 100 | _aMarshall, Bethan. | ||
| 245 |
_aTesting English : _bformative and summative approaches to English assessment / _cBethan Marshall. |
||
| 260 |
_aLondon ; New York, NY : _bContinuum, _c2011. |
||
| 300 |
_aviii, 156 p. ; _c25 cm. |
||
| 500 | _aIncludes Bibliographic References and Index. | ||
| 521 | _aEDU | ||
| 650 |
_aLanguage arts _xAbility testing. |
||
| 650 |
_aEducational tests and measurements _xEvaluation. |
||
| 942 |
_2lcc _cBK _kFOR |
||
| 999 |
_c25574 _d25574 |
||